000 00455nam a2200169Ia 4500
008 230711s9999||||xx |||||||||||||| ||und||
020 _a978-1-4987-7190-0
041 _aENG
082 _a628.1
_bCH-H
100 _aCheremisionoff,Paul N
245 0 _aHandbook of Water and Wastewater Trearment Technology
250 _a1st Ed.
260 _c2016
_aNew York
_bCRC Press Taylor & Francis Group
300 _a833p.
650 _aArchitecture
942 _cBK
999 _c6091
_d6091